Swedish Prime Ministers - Statistics

General Stats
  • This quiz has been taken 920 times
    522 since last reset
  • The average score is 15 of 34
Answer Stats
Years Party Prime Minister % Correct
2021-2022 Social Democrats Magdalena Andersson
96%
2022- Moderate Party Ulf Kristersson
95%
2014-2021 Social Democrats Stefan Löfvén
93%
1969-1976 Social Democrats Olof Palme
92%
1982-1986 Social Democrats Olof Palme
92%
2006-2014 Moderate Party Fredrik Reinfeldt
87%
1991-1994 Moderate Party Carl Bildt
77%
1996-2006 Social Democrats Göran Persson
74%
1932-1936 Social Democrats Per Albin Hansson
65%
1936-1946 Social Democrats Per Albin Hansson
65%
1946-1969 Social Democrats Tage Erlander
62%
1986-1991 Social Democrats Ingvar Carlsson
57%
1994-1996 Social Democrats Ingvar Carlsson
57%
1976-1978 Centre Party Thorbjörn Fälldin
52%
1979-1982 Centre Party Thorbjörn Fälldin
52%
1920 Social Democrats Hjalmar Branting
42%
1921-1923 Social Democrats Hjalmar Branting
42%
1924-1925 Social Democrats Hjalmar Branting
42%
1978-1979 People's Party Ola Ullsten
38%
1905-1906 Liberal Coalition Party Karl Staaff
26%
1911-1914 Liberal Coalition Party Karl Staaff
26%
1920-1921 Independent Gerhard Louis de Geer
22%
1914-1917 Independent Hjalmar Hammarskjöld
22%
1906-1911 General Electoral League Arvid Lindman
14%
1928-1930 General Electoral College Arvid Lindman
14%
1936 Farmers' League Axel Pehrsson-Bramstorp
13%
1921 Independent Oscar von Sydow
13%
1925-1926 Social Democrats Rickard Sandler
13%
1917-1920 Liberal Coalition Party Nils Edén
12%
1926-1928 Free-minded National Association Carl Gustaf Ekman
11%
1930-1932 Free-minded National Association Carl Gustaf Ekman
11%
1917 National Party Carl Swartz
10%
1932 Free-minded National Association Felix Hamrin
10%
1923-1924 National Party Ernst Trygger
8%
No matching quizzes found
Score Distribution
Percent of People with Each Score
Percentile by Number Answered
Your Score History
You have not taken this quiz since the last reset